[Event "GBR-ch82"]
[Site "Swansea"]
[Date "1995.08.10"]
[Round "10"]
[White "Howell, James C"]
[Black "Lawton, Geoffrey W"]
[Result "1-0"]
[WhiteElo "2525"]
[BlackElo "2385"]
[PlyCount "103"]
[EventDate "1995.07.31"]
[EventType "swiss"]
[EventRounds "11"]
[EventCountry "GBR"]
[SourceTitle "BritBase"]
[Source "John Saunders"]
[SourceDate "2023.06.01"]
[SourceVersion "1"]
[SourceVersionDate "2023.06.01"]
[SourceQuality "1"]

1. e4 c5 2. Nf3 Nc6 3. d4 cxd4 4. Nxd4 Nf6 5. Nc3 e5 6. Ndb5 d6 7. Bg5 a6 8.
Na3 b5 9. Bxf6 gxf6 10. Nd5 f5 11. Bd3 Be6 12. O-O Bxd5 13. exd5 Ne7 14. c3 Bg7
15. Qh5 Qd7 16. Rad1 O-O 17. Bb1 e4 18. Nc2 Rae8 19. g3 f4 20. gxf4 f5 21. Ne3
Rf6 22. Kh1 Rh6 23. Qe2 Ng6 24. f3 Nxf4 25. Qd2 Nh5 26. Rg1 Kh8 27. fxe4 fxe4
28. Rde1 Qh3 29. Qg2 Qxg2+ 30. Rxg2 Nf4 31. Rxg7 Kxg7 32. Nf5+ Kg6 33. Nxh6
Kxh6 34. Rxe4 Rf8 35. Re7 Ng6 36. Bxg6 hxg6 37. Re6 Rf1+ 38. Kg2 Rb1 39. b4
Rb2+ 40. Kf3 Rxh2 41. Rxd6 Rxa2 42. Ke4 Kg7 43. Rc6 Kf7 44. Ke5 Re2+ 45. Kd6 g5
46. Kc7 Rd2 47. d6 g4 48. Rxa6 g3 49. c4 bxc4 50. Ra1 Ke6 51. Re1+ Kf5 52. d7
1-0

[Event "GBR-ch82"]
[Site "Swansea"]
[Date "1995.08.10"]
[Round "10"]
[White "Ledger, Stephen C"]
[Black "Jackson, Oliver"]
[Result "0-1"]
[WhiteElo "2260"]
[BlackElo "2200"]
[PlyCount "78"]
[EventDate "1995.07.31"]
[EventType "swiss"]
[EventRounds "11"]
[EventCountry "GBR"]
[SourceTitle "BritBase"]
[Source "John Saunders"]
[SourceDate "2023.06.01"]
[SourceVersion "1"]
[SourceVersionDate "2023.06.01"]
[SourceQuality "1"]

1. d4 d6 2. Nf3 Bg4 3. Nbd2 Nd7 4. b3 Ngf6 5. Bb2 e6 6. e4 Be7 7. c4 O-O 8. Qc2
d5 9. cxd5 exd5 10. e5 Ne4 11. Nxe4 dxe4 12. Nd2 Bf5 13. f3 Bb4 14. O-O-O Nb6
15. fxe4 Bg6 16. h4 h6 17. Bd3 a5 18. a3 Be7 19. d5 Nd7 20. g3 Nc5 21. Rhf1 Qd7
22. Nc4 b5 23. Ne3 Rfc8 24. Nf5 Bf8 25. Kb1 c6 26. d6 Ne6 27. Nd4 Nxd4 28. Bxd4
c5 29. Bxc5 f6 30. b4 axb4 31. axb4 fxe5 32. Qe2 Rcb8 33. Qb2 Qe6 34. Bc2 Kh7
35. Rd5 Qg4 36. Rxe5 Qxg3 37. Re6 Qh3 38. Rxf8 Rxf8 39. Rxg6 Qf1+ 0-1

[Event "GBR-ch82"]
[Site "Swansea"]
[Date "1995.08.10"]
[Round "10"]
[White "Mason, Donald J"]
[Black "Hague, Ben"]
[Result "1-0"]
[WhiteElo "2295"]
[BlackElo "2230"]
[PlyCount "103"]
[EventDate "1995.07.31"]
[EventType "swiss"]
[EventRounds "11"]
[EventCountry "GBR"]
[SourceTitle "BritBase"]
[Source "John Saunders"]
[SourceDate "2023.06.01"]
[SourceVersion "1"]
[SourceVersionDate "2023.06.01"]
[SourceQuality "1"]

1. e4 c5 2. Nc3 Nc6 3. g3 g6 4. Bg2 Bg7 5. f4 d6 6. d3 e6 7. Nf3 Nge7 8. O-O
O-O 9. Be3 Nd4 10. e5 dxe5 11. fxe5 Rb8 12. Ne4 b6 13. Nf6+ Bxf6 14. exf6 Nef5
15. Bf4 Rb7 16. Ne5 Qxf6 17. c3 Ne3 18. Bxe3 Qxe5 19. Re1 Nf5 20. Bh6 Qd6 21.
Bxf8 Kxf8 22. Qa4 Rd7 23. Rad1 h5 24. Qc6 Qxc6 25. Bxc6 Rd6 26. Be4 Ke7 27.
Bxf5 gxf5 28. d4 cxd4 29. Rxd4 Rxd4 30. cxd4 Kd6 31. Kf2 Bb7 32. Ke3 a5 33. Rf1
f6 34. Rf2 Bc6 35. Kd3 Bd5 36. a3 Bc6 37. Kc3 Kd5 38. Rf4 Be8 39. b4 a4 40. Rf2
b5 41. Rc2 Ke4 42. Re2+ Kd5 43. Kd3 Bc6 44. Rc2 Kd6 45. Rc5 e5 46. Ke3 Bd7 47.
d5 Be8 48. Rc8 Bd7 49. Rd8 Ke7 50. Rh8 Be8 51. d6+ Kd7 52. Rf8 1-0

[Event "GBR-ch82"]
[Site "Swansea"]
[Date "1995.08.10"]
[Round "10"]
[White "Parker, Jonathan F"]
[Black "Sadler, Matthew D"]
[Result "0-1"]
[WhiteElo "2415"]
[BlackElo "2575"]
[PlyCount "90"]
[EventDate "1995.07.31"]
[EventType "swiss"]
[EventRounds "11"]
[EventCountry "GBR"]
[SourceTitle "BritBase"]
[Source "John Saunders"]
[SourceDate "2023.06.01"]
[SourceVersion "1"]
[SourceVersionDate "2023.06.01"]
[SourceQuality "1"]

1. d4 d5 2. c4 c6 3. Nc3 Nf6 4. Bg5 dxc4 5. a4 Na6 6. e4 Be6 7. Bxf6 exf6 8. d5
cxd5 9. exd5 Bd7 10. Bxc4 Bb4 11. Nge2 O-O 12. O-O Rc8 13. Bb5 Bd6 14. Qd3 Nc5
15. Qf3 a6 16. Bxd7 Qxd7 17. Ng3 Be5 18. Rfe1 Rfe8 19. Nf5 g6 20. Nh6+ Kg7 21.
Ng4 Bxc3 22. Rxe8 Rxe8 23. bxc3 f5 24. Ne3 Nxa4 25. Qd1 b5 26. c4 Qd6 27. Rc1
f4 28. Nf1 Nb2 29. Qd4+ Qe5 30. Qxe5+ Rxe5 31. cxb5 axb5 32. Rb1 Nc4 33. Rd1
Kf8 34. g3 g5 35. d6 Ke8 36. gxf4 gxf4 37. Kg2 b4 38. Rd4 Rc5 39. Re4+ Kd7 40.
Re7+ Kxd6 41. Rb7 Rg5+ 42. Kf3 Rg1 43. Rxb4 Ne5+ 44. Ke2 f3+ 45. Ke1 Nd3+ {
n.b. result recorded wrongly on Big Database 2020} 0-1

[Event "GBR-ch82"]
[Site "Swansea"]
[Date "1995.08.10"]
[Round "10"]
[White "Rudd, Jack"]
[Black "Mah, Karl"]
[Result "1-0"]
[WhiteElo "2230"]
[BlackElo "2200"]
[PlyCount "79"]
[EventDate "1995.07.31"]
[EventType "swiss"]
[EventRounds "11"]
[EventCountry "GBR"]
[SourceTitle "BritBase"]
[Source "John Saunders"]
[SourceDate "2023.06.01"]
[SourceVersion "1"]
[SourceVersionDate "2023.06.01"]
[SourceQuality "1"]

1. d4 Nf6 2. Nf3 g6 3. Bg5 Bg7 4. Nbd2 d6 5. e3 c5 6. c3 Nc6 7. Bd3 cxd4 8.
exd4 Be6 9. Nf1 Qb6 10. Qd2 Na5 11. Ne3 Nd5 12. O-O h6 13. Bh4 Nxe3 14. fxe3
Bc4 15. b3 Bxd3 16. Qxd3 Nc6 17. b4 d5 18. Kh1 e6 19. b5 Ne7 20. Ne5 Nf5 21.
Bf2 h5 22. e4 dxe4 23. Qxe4 Qxb5 24. Nxg6 Nd6 25. Qf4 fxg6 26. Qxd6 Qd7 27. Qg3
O-O-O 28. Qxg6 Rdg8 29. Qe4 Bf8 30. Bg3 h4 31. Be5 h3 32. g3 Bg7 33. Bf4 Rh5
34. Rae1 Re8 35. Kg1 Rb5 36. Re2 e5 37. dxe5 Bxe5 38. Qc4+ Kb8 39. Rfe1 Qd6 40.
Qxb5 1-0

[Event "GBR-ch82"]
[Site "Swansea"]
[Date "1995.08.10"]
[Round "10"]
[White "Summerscale, Aaron P"]
[Black "Williams, Simon Kim"]
[Result "1-0"]
[WhiteElo "2455"]
[BlackElo "2250"]
[PlyCount "125"]
[EventDate "1995.07.31"]
[EventType "swiss"]
[EventRounds "11"]
[EventCountry "GBR"]
[SourceTitle "BritBase"]
[Source "John Saunders"]
[SourceDate "2023.06.01"]
[SourceVersion "1"]
[SourceVersionDate "2023.06.01"]
[SourceQuality "1"]

1. d4 e6 2. c4 f5 3. g3 Nf6 4. Bg2 d5 5. Nh3 c6 6. Qc2 Be7 7. O-O O-O 8. Nd2 a5
9. Nf3 Qe8 10. Nf4 Nh5 11. Nd3 Nd7 12. Bd2 Bd6 13. Nfe5 Nxe5 14. dxe5 Be7 15.
Be3 g5 16. Bc5 Bxc5 17. Nxc5 Qe7 18. Na4 Bd7 19. Nb6 Ra6 20. c5 Be8 21. f4 Ng7
22. e3 Bh5 23. Rfc1 gxf4 24. gxf4 Kh8 25. Qf2 a4 26. Qc2 Rg8 27. Nxa4 Ne8 28.
Rf1 d4 29. exd4 Qd8 30. b3 Qxd4+ 31. Kh1 Rg4 32. Qf2 Qb4 33. Rad1 Ra8 34. Rd4
Qa5 35. Qd2 Qxd2 36. Rxd2 Nc7 37. h3 Rg3 38. Nb6 Rag8 39. Kh2 Nd5 40. Nxd5 cxd5
41. Rff2 Rc3 42. Rc2 Rgg3 43. b4 Bd1 44. Rcd2 Ba4 45. Bf1 Rgf3 46. Kg1 Rg3+ 47.
Kh2 Rgf3 48. Rxf3 Rxf3 49. Be2 Rxf4 50. Rb2 Re4 51. b5 Re3 52. c6 b6 53. Bc4
Rc3 54. Rb4 Rc2+ 55. Kg1 Rc1+ 56. Kf2 Rc2+ 57. Kg1 Rc1+ 58. Kg2 Rc2+ 59. Kg3
Rc3+ 60. Kh4 Bxb5 61. Bxb5 Rc5 62. a4 d4 63. Rxd4 1-0

[Event "GBR-ch82"]
[Site "Swansea"]
[Date "1995.08.10"]
[Round "10"]
[White "Thompson, Ian D"]
[Black "Vigus, James E"]
[Result "1-0"]
[WhiteElo "2310"]
[BlackElo "2110"]
[PlyCount "80"]
[EventDate "1995.07.31"]
[EventType "swiss"]
[EventRounds "11"]
[EventCountry "GBR"]
[SourceTitle "BritBase"]
[Source "John Saunders"]
[SourceDate "2023.06.01"]
[SourceVersion "1"]
[SourceVersionDate "2023.06.01"]
[SourceQuality "1"]

1. c4 c5 2. Nc3 Nc6 3. g3 g6 4. Bg2 Bg7 5. d3 d6 6. Rb1 Rb8 7. a3 a6 8. e3 Bd7
9. Nge2 b5 10. cxb5 axb5 11. b4 cxb4 12. axb4 Nf6 13. d4 Qc8 14. h4 Bg4 15. f3
Bd7 16. Qd3 O-O 17. g4 h5 18. Ng3 hxg4 19. f4 Nh5 20. Nce2 f5 21. Kf2 e5 22.
dxe5 dxe5 23. Qd5+ Kh7 24. Nxh5 gxh5 25. Rd1 Rd8 26. Bb2 Be8 27. Qc5 Bf6 28.
Rxd8 Nxd8 29. Bxe5 Qxc5 30. bxc5 Bxh4+ 31. Kf1 Rc8 32. Bd6 Nf7 33. Nd4 Nxd6 34.
cxd6 Rc5 35. Ra1 Kg6 36. Ra7 Bf7 37. Rc7 Rc4 38. Nc6 Rc1+ 39. Ke2 Bc4+ 40. Kd2
Rg1 1-0

[Event "GBR-ch82"]
[Site "Swansea"]
[Date "1995.08.10"]
[Round "10"]
[White "Yeo, Michael J"]
[Black "Ryan, Joseph"]
[Result "0-1"]
[WhiteElo "2210"]
[BlackElo "2210"]
[PlyCount "56"]
[EventDate "1995.07.31"]
[EventType "swiss"]
[EventRounds "11"]
[EventCountry "GBR"]
[SourceTitle "BritBase"]
[Source "John Saunders"]
[SourceDate "2023.06.01"]
[SourceVersion "1"]
[SourceVersionDate "2023.06.01"]
[SourceQuality "1"]

1. e4 d5 2. exd5 Qxd5 3. Nc3 Qa5 4. d4 c6 5. Nf3 Nf6 6. Be2 Bf5 7. Ne5 Nbd7 8.
Nc4 Qc7 9. O-O e6 10. a4 Nb6 11. Bg5 Nxc4 12. Bxc4 Bd6 13. h3 O-O-O 14. f4 h6
15. Bxf6 gxf6 16. g4 Bh7 17. Qf3 h5 18. Ne2 hxg4 19. hxg4 Bxc2 20. Rac1 Bg6 21.
Kg2 f5 22. g5 Bh5 23. Qe3 Bxe2 24. Bxe2 Rh4 25. Kg3 Rdh8 26. Qd2 Bxf4+ 27. Rxf4
Rxf4 28. Qxf4 Rh3+ 0-1

[Event "GBR-ch82"]
[Site "Swansea"]
[Date "1995.08.11"]
[Round "11"]
[White "Bates, Richard A"]
[Black "Williams, Simon Kim"]
[Result "1-0"]
[WhiteElo "2345"]
[BlackElo "2250"]
[PlyCount "45"]
[EventDate "1995.07.31"]
[EventType "swiss"]
[EventRounds "11"]
[EventCountry "GBR"]
[SourceTitle "BritBase"]
[Source "John Saunders"]
[SourceDate "2023.06.01"]
[SourceVersion "1"]
[SourceVersionDate "2023.06.01"]
[SourceQuality "1"]

1. d4 e6 2. c4 f5 3. Nc3 Nf6 4. e3 d5 5. h3 c6 6. Nf3 Bd6 7. g4 O-O 8. gxf5
exf5 9. Qb3 Qe7 10. cxd5 cxd5 11. Nxd5 Nxd5 12. Bc4 Kh8 13. Bxd5 f4 14. e4 Nc6
15. Bd2 Bf5 16. e5 Bxe5 17. dxe5 Nxe5 18. Kf1 Rad8 19. Bb4 Qf6 20. Bxf8 Bd3+
21. Kg2 Qg6+ 22. Kh2 Bc4 23. Nxe5 1-0

[Event "GBR-ch82"]
[Site "Swansea"]
[Date "1995.08.11"]
[Round "11"]
[White "Cobb, Charles A"]
[Black "Buckley, Graeme N"]
[Result "0-1"]
[WhiteElo "2210"]
[BlackElo "2355"]
[PlyCount "94"]
[EventDate "1995.07.31"]
[EventType "swiss"]
[EventRounds "11"]
[EventCountry "GBR"]
[SourceTitle "BritBase"]
[Source "John Saunders"]
[SourceDate "2023.06.01"]
[SourceVersion "1"]
[SourceVersionDate "2023.06.01"]
[SourceQuality "1"]

1. e4 g6 2. d4 Bg7 3. Nc3 d6 4. Be3 c6 5. Qd2 b5 6. Bd3 a6 7. a4 b4 8. Nce2 a5
9. c3 Ba6 10. Nf3 Nf6 11. O-O O-O 12. Rfd1 Qc7 13. Ng3 Ng4 14. Bg5 f6 15. Bxa6
Nxa6 16. Be3 e5 17. h3 Nxe3 18. Qxe3 Rfe8 19. Rd2 bxc3 20. bxc3 exd4 21. Qxd4
f5 22. Qc4+ d5 23. exd5 cxd5 24. Qxd5+ Kh8 25. Ng5 h6 26. Nf7+ Kh7 27. Rdd1 Rf8
28. Nd6 Rad8 29. Qd3 Qc6 30. Qd5 Qxc3 31. Rac1 Qa3 32. Qc6 Nb4 33. Qc7 Qxa4 34.
Ra1 Qc6 35. Qxc6 Nxc6 36. Rac1 Nd4 37. Nb7 Ra8 38. Rc7 Ne6 39. Re7 Rf6 40. Rdd7
Kh8 41. Nd6 Nf8 42. Rxg7 Rxd6 43. Rxd6 Kxg7 44. Rd3 a4 45. Ra3 Nd7 46. Ne2 Nb6
47. Nc3 Kf6 0-1

[Event "GBR-ch82"]
[Site "Swansea"]
[Date "1995.08.11"]
[Round "11"]
[White "Coleman, David J"]
[Black "Byway, Paul V"]
[Result "1/2-1/2"]
[WhiteElo "2255"]
[BlackElo "2245"]
[PlyCount "48"]
[EventDate "1995.07.31"]
[EventType "swiss"]
[EventRounds "11"]
[EventCountry "GBR"]
[SourceTitle "BritBase"]
[Source "John Saunders"]
[SourceDate "2023.06.01"]
[SourceVersion "1"]
[SourceVersionDate "2023.06.01"]
[SourceQuality "1"]

1. e4 e6 2. d4 d5 3. Nc3 Nf6 4. Bg5 Be7 5. e5 Nfd7 6. Bxe7 Qxe7 7. f4 O-O 8.
Nf3 c5 9. Qd2 Nc6 10. dxc5 Qxc5 11. O-O-O Nb6 12. h4 Bd7 13. h5 Rac8 14. h6 g6
15. Nh2 f5 16. exf6 Rxf6 17. g3 e5 18. Nf3 Bg4 19. Be2 Bxf3 20. Bxf3 Nd4 21.
Bg2 Nxc2 22. Bxd5+ Nxd5 23. Qxd5+ Qxd5 24. Rxd5 Nb4 1/2-1/2

[Event "GBR-ch82"]
[Site "Swansea"]
[Date "1995.08.11"]
[Round "11"]
[White "Ferguson, Mark"]
[Black "Mason, Donald J"]
[Result "1-0"]
[WhiteElo "2360"]
[BlackElo "2295"]
[PlyCount "63"]
[EventDate "1995.07.31"]
[EventType "swiss"]
[EventRounds "11"]
[EventCountry "GBR"]
[SourceTitle "BritBase"]
[Source "John Saunders"]
[SourceDate "2023.06.01"]
[SourceVersion "1"]
[SourceVersionDate "2023.06.01"]
[SourceQuality "1"]

1. e4 e6 2. d4 d5 3. Nd2 Nf6 4. e5 Nfd7 5. c3 c5 6. f4 Nc6 7. Ndf3 Qb6 8. h4
cxd4 9. cxd4 Bb4+ 10. Kf2 f6 11. Be3 fxe5 12. fxe5 O-O 13. a3 Ndxe5 14. dxe5
Bc5 15. Bxc5 Qxc5+ 16. Kg3 Nxe5 17. Qd4 Qxd4 18. Nxd4 Nf7 19. Ngf3 e5 20. Nb5
Bf5 21. Rd1 Rad8 22. Ng5 Bc2 23. Nxf7 Bxd1 24. Nxd8 Rxd8 25. Nxa7 Bb3 26. Nb5
d4 27. Bd3 Kf7 28. Re1 Rd5 29. a4 Ke7 30. Na3 Bxa4 31. Nc4 Kf6 32. Nb6 1-0

[Event "GBR-ch82"]
[Site "Swansea"]
[Date "1995.08.11"]
[Round "11"]
[White "Hennigan, Michael T"]
[Black "Arkell, Keith C"]
[Result "1/2-1/2"]
[WhiteElo "2465"]
[BlackElo "2505"]
[PlyCount "224"]
[EventDate "1995.07.31"]
[EventType "swiss"]
[EventRounds "11"]
[EventCountry "GBR"]
[SourceTitle "BritBase"]
[Source "John Saunders"]
[SourceDate "2023.06.01"]
[SourceVersion "1"]
[SourceVersionDate "2023.06.01"]
[SourceQuality "1"]

1. e4 e6 2. d4 d5 3. Nd2 dxe4 4. Nxe4 Bd7 5. Nf3 Bc6 6. Bd3 Nd7 7. O-O Ngf6 8.
Ng3 Be7 9. b3 Bxf3 10. Qxf3 c6 11. Bb2 O-O 12. c4 Qa5 13. a3 Rfe8 14. Rfd1 Rac8
15. Rac1 Nf8 16. b4 Qd8 17. Ne4 Nxe4 18. Bxe4 Bf6 19. b5 Qd7 20. bxc6 bxc6 21.
Bc3 Ng6 22. g3 Ne7 23. d5 Bxc3 24. dxc6 Qc7 25. Qxc3 Nxc6 26. c5 Red8 27. Rd6
Ne7 28. Rxd8+ Rxd8 29. c6 f5 30. Bg2 Nd5 31. Qc4 Kf7 32. Rb1 Nb6 33. Qa6 Kf6
34. a4 Rc8 35. a5 Nd5 36. Rc1 Rb8 37. Qc4 Rb4 38. Qc5 Ra4 39. Qf8+ Kg6 40. Qe8+
Kf6 41. Re1 Qe7 42. Qxe7+ Nxe7 43. Rc1 Rxa5 44. c7 g5 45. Bb7 Rb5 46. c8=Q Nxc8
47. Bxc8 a5 48. Rc6 Re5 49. Ra6 h5 50. Kg2 h4 51. gxh4 gxh4 52. Kf3 Ke7 53. h3
Kf6 54. Kg2 Ke7 55. Kg1 Kf6 56. Kh2 Re2 57. Kg2 Re5 58. Bd7 Ke7 59. Ba4 Kf7 60.
Bb3 Ke7 61. Bc4 Kf7 62. Bb3 Ke7 63. Rc6 Kf6 64. Rc4 Rb5 65. Ba2 Kg5 66. Rc6 e5
67. Bc4 Rb2 68. Ra6 e4 69. Rxa5 e3 70. Kf3 exf2 71. Bf1 Rd2 72. Be2 Rb2 73.
Kxf2 Kf4 74. Ra4+ Kg5 75. Ke3 Rb8 76. Ra5 Re8+ 77. Kf2 Kf4 78. Ra7 Kg5 79. Rg7+
Kf6 80. Rh7 Re4 81. Bd3 Ra4 82. Ke3 Kg5 83. Rg7+ Kf6 84. Rg8 Ra5 85. Rb8 Kg5
86. Rb4 Re5+ 87. Kf3 Rd5 88. Rb3 Ra5 89. Rb8 Rd5 90. Rg8+ Kf6 91. Ke3 Ra5 92.
Rh8 Kg5 93. Rf8 Re5+ 94. Kf2 Rd5 95. Be2 Ra5 96. Rg8+ Kf6 97. Rh8 Ra4 98. Rb8
Ra3 99. Bf1 Kg5 100. Rb5 Kf4 101. Rb4+ Kg5 102. Rb2 Kf4 103. Bg2 Rc3 104. Rb4+
Kg5 105. Bf3 Rc2+ 106. Be2 Rc3 107. Bf1 Ra3 108. Rb5 Kf4 109. Rb8 Ra2+ 110. Be2
Ra3 111. Rf8 Ra2 112. Kf1 Kg5 1/2-1/2

[Event "GBR-ch82"]
[Site "Swansea"]
[Date "1995.08.11"]
[Round "11"]
[White "Jackson, Oliver"]
[Black "Rudd, Jack"]
[Result "1-0"]
[WhiteElo "2200"]
[BlackElo "2230"]
[PlyCount "59"]
[EventDate "1995.07.31"]
[EventType "swiss"]
[EventRounds "11"]
[EventCountry "GBR"]
[SourceTitle "BritBase"]
[Source "John Saunders"]
[SourceDate "2023.06.01"]
[SourceVersion "1"]
[SourceVersionDate "2023.06.01"]
[SourceQuality "1"]

1. e4 c5 2. f4 g6 3. Nf3 Bg7 4. Nc3 d6 5. Bc4 Nf6 6. O-O Nc6 7. d3 O-O 8. Qe1
Bg4 9. Qh4 Bxf3 10. Rxf3 Nd4 11. Rh3 Nxc2 12. Rb1 Nd4 13. f5 Kh8 14. Bg5 h5 15.
Rf1 Qd7 16. Bxf7 Rxf7 17. fxg6 Rff8 18. Rxf6 Rxf6 19. Qxh5+ Kg8 20. Qh7+ Kf8
21. Bh6 e5 22. Qh8+ Ke7 23. Qxa8 Rxg6 24. Bxg7 Rxg7 25. Qh8 Kf7 26. Qh5+ Kf8
27. Qh6 b5 28. Rg3 Ne6 29. Rg6 Nf4 30. Qh8+ 1-0

[Event "GBR-ch82"]
[Site "Swansea"]
[Date "1995.08.11"]
[Round "11"]
[White "Kelly, Brian R"]
[Black "Hunt, Harriet"]
[Result "1-0"]
[WhiteElo "2300"]
[BlackElo "2385"]
[PlyCount "93"]
[EventDate "1995.07.31"]
[EventType "swiss"]
[EventRounds "11"]
[EventCountry "GBR"]
[SourceTitle "BritBase"]
[Source "John Saunders"]
[SourceDate "2023.06.01"]
[SourceVersion "1"]
[SourceVersionDate "2023.06.01"]
[SourceQuality "1"]

1. c4 e6 2. Nc3 d5 3. d4 Nf6 4. cxd5 exd5 5. Bg5 c6 6. Qc2 Na6 7. a3 Nc7 8. e3
Be7 9. Bd3 g6 10. Nge2 Ne6 11. Bh4 O-O 12. O-O Re8 13. b4 b6 14. Rfd1 Bb7 15.
Qb3 Ng4 16. Bxe7 Qxe7 17. h3 Nf6 18. Rac1 h5 19. Qb2 h4 20. Na4 Rac8 21. Rc2
Ne4 22. Nac3 Ng7 23. Nxe4 dxe4 24. Bc4 Red8 25. Rcd2 Nf5 26. Nc3 Nd6 27. Be2
Kh7 28. Qb3 Rc7 29. Qa4 Ra8 30. Qb3 f5 31. Rc2 Rac8 32. Qa4 Ba8 33. Rdc1 Qf7
34. Rd2 f4 35. Bg4 Rf8 36. Qc2 Re7 37. exf4 Qxf4 38. Re2 Bb7 39. Rce1 Rfe8 40.
Re3 Ba6 41. Be2 Bc8 42. Bf1 Re6 43. d5 cxd5 44. Nxd5 Qe5 45. Nc7 Bb7 46. Nxe8
Rxe8 47. Rc3 1-0

[Event "GBR-ch82"]
[Site "Swansea"]
[Date "1995.08.11"]
[Round "11"]
[White "Ledger, Andrew J"]
[Black "Howell, James C"]
[Result "1/2-1/2"]
[WhiteElo "2410"]
[BlackElo "2525"]
[PlyCount "72"]
[EventDate "1995.07.31"]
[EventType "swiss"]
[EventRounds "11"]
[EventCountry "GBR"]
[SourceTitle "BritBase"]
[Source "John Saunders"]
[SourceDate "2023.06.01"]
[SourceVersion "1"]
[SourceVersionDate "2023.06.01"]
[SourceQuality "1"]

1. e4 c5 2. Nc3 Nc6 3. g3 g6 4. Bg2 Bg7 5. d3 d6 6. Be3 e5 7. f4 Nge7 8. Nf3
exf4 9. gxf4 O-O 10. Qd2 Nd4 11. O-O f5 12. Rab1 Kh8 13. b4 Nxf3+ 14. Bxf3 cxb4
15. Rxb4 Qa5 16. Rfb1 Nc6 17. Rc4 fxe4 18. Bxe4 Be6 19. Rb5 Qc7 20. Bd5 Bxd5
21. Rxd5 Qf7 22. Re4 Ne7 23. Rb5 Rac8 24. Rxb7 Bxc3 25. Qf2 Be5 26. fxe5 Qd5
27. Rxe7 Rxf2 28. Bxf2 dxe5 29. R4xe5 Qxa2 30. Bd4 Kg8 31. Re2 Qb1+ 32. Re1
Qxc2 33. Rf1 Qxd3 34. Rg7+ Kh8 35. Rd7+ Kg8 36. Rg7+ Kh8 1/2-1/2

[Event "GBR-ch82"]
[Site "Swansea"]
[Date "1995.08.11"]
[Round "11"]
[White "Menadue, Jeremy FS"]
[Black "McFarland, Robert S"]
[Result "1-0"]
[WhiteElo "2255"]
[BlackElo "2215"]
[PlyCount "79"]
[EventDate "1995.07.31"]
[EventType "swiss"]
[EventRounds "11"]
[EventCountry "GBR"]
[SourceTitle "BritBase"]
[Source "John Saunders"]
[SourceDate "2023.06.01"]
[SourceVersion "1"]
[SourceVersionDate "2023.06.01"]
[SourceQuality "1"]

1. d4 Nf6 2. c4 g6 3. Nc3 Bg7 4. e4 d6 5. Nge2 O-O 6. Ng3 c5 7. d5 e6 8. Be2
exd5 9. cxd5 a6 10. a4 Nbd7 11. O-O Re8 12. Be3 Qe7 13. Qd2 h5 14. f3 b6 15.
Nh1 Bb7 16. Nf2 Rac8 17. Rac1 Ne5 18. h3 Ned7 19. g4 hxg4 20. hxg4 Nh7 21. Kg2
Be5 22. f4 Bf6 23. g5 Bg7 24. Rh1 Rcd8 25. Rh2 Bc8 26. Rch1 Ndf8 27. Kg1 Qb7
28. Bg4 f5 29. gxf6 Nxf6 30. Bf3 b5 31. Rg2 b4 32. Ncd1 Qe7 33. f5 Qc7 34. Bg5
N6d7 35. Ng4 Ne5 36. Nxe5 Bxe5 37. Bxd8 Qxd8 38. Rh6 Bg7 39. Rhxg6 Nxg6 40.
Rxg6 1-0

[Event "GBR-ch82"]
[Site "Swansea"]
[Date "1995.08.11"]
[Round "11"]
[White "Parker, Jonathan F"]
[Black "Turner, Matthew J"]
[Result "1-0"]
[WhiteElo "2415"]
[BlackElo "2400"]
[PlyCount "111"]
[EventDate "1995.07.31"]
[EventType "swiss"]
[EventRounds "11"]
[EventCountry "GBR"]
[SourceTitle "BritBase"]
[Source "John Saunders"]
[SourceDate "2023.06.01"]
[SourceVersion "1"]
[SourceVersionDate "2023.06.01"]
[SourceQuality "1"]

1. d4 d6 2. e4 Nf6 3. Bd3 Nc6 4. c3 e5 5. d5 Ne7 6. c4 Ng6 7. g3 Be7 8. Nc3 c6
9. h4 a5 10. h5 Nf8 11. f3 h6 12. Be3 N8d7 13. a3 c5 14. Qe2 Nb6 15. Rb1 O-O
16. Qf2 a4 17. Qc2 Bd7 18. Nge2 Qc8 19. Kd2 Ra6 20. Rbg1 Nh7 21. Kc1 Na8 22.
Bd2 Nc7 23. Nb5 Nxb5 24. cxb5 Ra8 25. g4 Qe8 26. Nc3 Ng5 27. Rf1 Bd8 28. b3
axb3 29. Qxb3 Nh7 30. Kc2 Bg5 31. Nb1 Qd8 32. a4 Qf6 33. Bc3 Be3 34. Na3 Bd4
35. Nc4 Bxc3 36. Kxc3 Ng5 37. Nb6 Rad8 38. Qd1 g6 39. a5 gxh5 40. Rxh5 Kg7 41.
a6 bxa6 42. bxa6 Bc8 43. Rh2 Qe7 44. Rb2 Qa7 45. Nxc8 Rxc8 46. Rb7 Qa8 47. Qa4
c4 48. Be2 Nh3 49. Rfb1 Nf4 50. Bf1 h5 51. gxh5 Nxh5 52. a7 Nf4 53. Qa6 Rcd8
54. Qb6 Kg6 55. Qc7 Kg7 56. Kc2 1-0

[Event "GBR-ch82"]
[Site "Swansea"]
[Date "1995.08.11"]
[Round "11"]
[White "Pert, Nicholas"]
[Black "Thompson, Ian D"]
[Result "1/2-1/2"]
[WhiteElo "2160"]
[BlackElo "2310"]
[PlyCount "87"]
[EventDate "1995.07.31"]
[EventType "swiss"]
[EventRounds "11"]
[EventCountry "GBR"]
[SourceTitle "BritBase"]
[Source "John Saunders"]
[SourceDate "2023.06.01"]
[SourceVersion "1"]
[SourceVersionDate "2023.06.01"]
[SourceQuality "1"]

1. d4 e6 2. Nf3 Nf6 3. g3 b6 4. Bg2 Bb7 5. c4 Be7 6. O-O O-O 7. Nc3 d5 8. cxd5
exd5 9. Bf4 Na6 10. Rc1 Re8 11. Qa4 c6 12. Ne5 b5 13. Qc2 Bd6 14. Nd3 Nb4 15.
Nxb4 Bxb4 16. Qd3 Qb6 17. a3 Be7 18. Rc2 a5 19. Rfc1 Rad8 20. Nb1 Ne4 21. f3
Nd6 22. Bxd6 Bxd6 23. Nd2 b4 24. axb4 Ba6 25. bxa5 Bxd3 26. axb6 Bxc2 27. Rxc2
Rxe2 28. Bf1 Re6 29. Nb3 Rb8 30. Nc5 Bxc5 31. dxc5 Re3 32. Bb5 Re6 33. Ba6 Ra8
34. b7 Rb8 35. b4 Kf8 36. b5 Ke7 37. bxc6 Rxc6 38. Bb5 Kd7 39. Rd2 Rxb7 40.
Rxd5+ Kc7 41. Bxc6 Kxc6 42. Rh5 h6 43. Kf2 Rb2+ 44. Ke3 1/2-1/2

[Event "GBR-ch82"]
[Site "Swansea"]
[Date "1995.08.11"]
[Round "11"]
[White "Ryan, Joseph"]
[Black "Barnes, Michael H"]
[Result "1-0"]
[WhiteElo "2210"]
[BlackElo "2295"]
[PlyCount "99"]
[EventDate "1995.07.31"]
[EventType "swiss"]
[EventRounds "11"]
[EventCountry "GBR"]
[SourceTitle "BritBase"]
[Source "John Saunders"]
[SourceDate "2023.06.01"]
[SourceVersion "1"]
[SourceVersionDate "2023.06.01"]
[SourceQuality "1"]

1. d4 d5 2. c4 c6 3. e3 Nf6 4. Nc3 e6 5. Nf3 Be7 6. Bd3 Nbd7 7. O-O dxc4 8.
Bxc4 b5 9. Bd3 a6 10. e4 c5 11. e5 Ng4 12. Bf4 cxd4 13. Ne4 h5 14. h3 Nh6 15.
Nd6+ Bxd6 16. exd6 Bb7 17. Rc1 Qb6 18. Re1 Rc8 19. Rxc8+ Bxc8 20. b4 Bb7 21.
Ng5 Nf6 22. Be5 Bd5 23. Qc2 O-O 24. Rc1 Nd7 25. Qc7 Qxc7 26. dxc7 Rc8 27. Bxd4
Bc4 28. Bxc4 Rxc7 29. Nxe6 Rxc4 30. Rxc4 bxc4 31. Nxg7 h4 32. Kf1 Kf8 33. g4
hxg3 34. fxg3 f6 35. Ne6+ Ke7 36. Nc5 Nxc5 37. Bxc5+ Ke6 38. Ke2 Kd5 39. g4 Ke4
40. a4 Nf7 41. Be7 f5 42. gxf5 Kxf5 43. Ke3 Ke6 44. Bf8 Kd5 45. h4 Ne5 46. Bg7
Nc6 47. Bc3 Ne7 48. h5 Ke6 49. Kd4 Kf5 50. h6 1-0